| 000 | 00762nam a22002057a 4500 | ||
|---|---|---|---|
| 008 | 100203t xxu||||| |||| 00| 0 eng d | ||
| 020 | _a9775469090 | ||
| 082 |
_220 _a621.902 _bMID |
||
| 100 |
_910929 _aEl-Midany, Tawfik. |
||
| 245 |
_aIntroduction to numerical control of machine tools / _cTawfik T. El Midany, Mohamed Y. Al Makky. |
||
| 260 |
_a[Cairo]: _b[ ?], _cc.1994. |
||
| 300 |
_a498p, _bill; _c25 cm. |
||
| 500 | _aIncludes Appendix. | ||
| 500 | _aIncludes Bibliography. | ||
| 500 | _aDonations. | ||
| 500 | _aDonated By:Tawfik El Midany. | ||
| 650 |
_910928 _aMachine-tools --Numerical control. |
||
| 942 |
_2ddc _cBB |
||
| 999 |
_c13269 _d13269 |
||